| 000 | 00648nam a2200217 4500 | ||
|---|---|---|---|
| 003 | OSt | ||
| 005 | 20260601170958.0 | ||
| 008 | 260423b1979\\\\enka||||\||||\00|\0\eng\d | ||
| 040 |
_aICI _bspa _cICI |
||
| 041 | _aeng | ||
| 050 |
_aPE1691 _bD4 |
||
| 100 | 1 |
_aDe Bono, Edward, _d1933- _eautor |
|
| 245 | 1 |
_aWordpower : _bAn illustrated dictionary of vital words / _cEdward de Bono |
|
| 264 |
_aHarmondsworth, Middlesex : _bPenguin, _c1979 |
||
| 300 | _a270 páginas | ||
| 336 |
_atexto _2rdacontent |
||
| 337 |
_asin medio _2rdamedia |
||
| 338 |
_avolumen _2rdacarrier |
||
| 650 |
_aInglés _vGlosarios, vocabularios, etc. _930921 |
||
| 942 |
_2lcc _cB _n1 |
||
| 999 |
_c19931 _d19931 |
||